Скульптура. Ленинградские скульптуры: альбом

Bibliografiske detaljer
Andre forfattere: Фингерт Л. (редактор)
Sprog:russisk
Udgivet: Ленинград, Искусство, 1947
Fag:
Format: MixedMaterials Bog
KOHA link:https://koha.lib.tpu.ru/cgi-bin/koha/opac-detail.pl?biblionumber=327926

MARC

LEADER 00000nam0a2200000 4500
001 327926
005 20231102004017.0
035 |a (RuTPU)RU\TPU\book\353613 
090 |a 327926 
100 |a 20170208d1947 m y0rusy50 ca 
101 0 |a rus 
102 |a RU 
105 |a a z 001zd 
200 1 |a Скульптура. Ленинградские скульптуры  |e альбом  |f под ред. Л. Фингерта 
210 |a Ленинград  |a Москва  |c Искусство  |d 1947 
215 |a 99 с.  |c ил. 
320 |a Библиография в ссылках 
606 1 |a Скульпторы  |2 stltpush  |3 (RuTPU)RU\TPU\subj\55078  |9 73150 
610 1 |a скульптура 
610 1 |a монументальные произведения 
610 1 |a памятники 
610 1 |a 20 век 
610 1 |a история 
610 1 |a Ленинград 
675 |a 73.071  |v 4 
702 1 |a Фингерт  |b Л.  |4 340 
801 1 |a RU  |b 63413507  |c 20170208 
801 2 |a RU  |b 63413507  |c 20201005  |g RCR 
942 |c BK